Rethinking design and interiors : (Record no. 7662)

000 -LEADER
fixed length control field 01536nam a22001937a 4500
003 - CONTROL NUMBER IDENTIFIER
control field OSt
005 - DATE AND TIME OF LATEST TRANSACTION
control field 20200317130644.0
008 - FIXED-LENGTH DATA ELEMENTS--GENERAL INFORMATION
fixed length control field 200317b ||||| |||| 00| 0 eng d
020 ## - INTERNATIONAL STANDARD BOOK NUMBER
International Standard Book Number 9781856697569
082 ## - DEWEY DECIMAL CLASSIFICATION NUMBER
Edition number 23
Classification number 729
Item number CAA
100 ## - MAIN ENTRY--PERSONAL NAME
Personal name Caan, Shashi
245 ## - TITLE STATEMENT
Title Rethinking design and interiors :
Remainder of title human beings in the built environment /
Statement of responsibility, etc Shashi Caan
260 ## - PUBLICATION, DISTRIBUTION, ETC. (IMPRINT)
Place of publication, distribution, etc London
Name of publisher, distributor, etc Laurence King Pub
Date of publication, distribution, etc c2011
300 ## - PHYSICAL DESCRIPTION
Extent 200 pages
Other physical details illustrations (some color)
Dimensions 25 cm
505 ## - FORMATTED CONTENTS NOTE
Formatted contents note The search for shelter: Shelter's human roots; The lost origins of building; Reclaiming the past --<br/>Being: Interior space and the second skin; Extensions of self; The un-universal man; Design for basic human needs (measures of man); Design for well-being --<br/>Inside: The emergence of prevailing stereotypes; The psychology analogy; Empirical knowledge; Designing habitable space --<br/>Design: Toward a new design; Acknowledging design's complex nature; The development of experiential knowledge; Establishing a protocol for phenomenological investigations; The identification of qualitative design factors --<br/>Epilogue: out from within.
520 ## - SUMMARY, ETC.
Summary, etc The book is divided into four chapters that explore aspects of the human experience of the interior, from man's earliest search for shelter to an outline of past and current thinking on design, psychology and well-being.It is a fascinating exploration of how art and science come together for the benefit of those who inhabit the built environment.
653 ## - INDEX TERM--UNCONTROLLED
Uncontrolled term academic liaison librarian
942 ## - ADDED ENTRY ELEMENTS (KOHA)
Source of classification or shelving scheme
Holdings
Withdrawn status Lost status Source of classification or shelving scheme Damaged status Koha normalized classification for sorting Not for loan Permanent location Current location Date acquired Full call number Barcode Date last seen Price effective from Koha item type
        729_000000000000000_CAA   BMS College of Architecture, Design and Planning BMS College of Architecture, Design and Planning 2020-03-17 729 CAA AR-UG1576 2020-03-17 2020-03-17 UG Books
Copyright © 2025, The Librarian, Library and Information Centre, BMSCA D&P, Bengaluru. All Rights Reserved
web counter

Powered by Koha